Consumer behavior: Concept and Application (Record no. 1289579)

MARC details
000 -LEADER
fixed length control field 00556nam a2200193Ia 4500
005 - DATE AND TIME OF LATEST TRANSACTION
control field 20250326141259.0
008 - FIXED-LENGTH DATA ELEMENTS--GENERAL INFORMATION
fixed length control field 250326s9999 xx 000 0 und d
037 ## - SOURCE OF ACQUISITION
Stock number Textbook
040 ## - CATALOGING SOURCE
Original cataloging agency FMSL
Language of cataloging eng
Transcribing agency FMSL
041 ## - LANGUAGE CODE
Language code of text/sound track or separate title eng
Source of code eng
084 ## - COLON CLASSIFICATION NUMBER
Classification number X:321:(SNI) N3
Assigning agency FMSL
100 ## - MAIN ENTRY--PERSONAL NAME
Personal name Loudon D L
245 #0 - TITLE STATEMENT
Title Consumer behavior: Concept and Application
Statement of responsibility, etc. Loudon D L; Dela Bitta A J
250 ## - EDITION STATEMENT
Edition statement 4
260 ## - PUBLICATION, DISTRIBUTION, ETC.
Place of publication, distribution, etc. New York
Name of publisher, distributor, etc. New York, McGraw Hill
Date of publication, distribution, etc. 1993
300 ## - PHYSICAL DESCRIPTION
Extent xxiii, 788
942 ## - ADDED ENTRY ELEMENTS (KOHA)
Koha item type Textbook
Classification part X:321:(SNI) N3
Holdings
Withdrawn status Lost status Damaged status Not for loan Home library Current library Date acquired Total Checkouts Full call number Barcode Date last seen Price effective from Koha item type
        Faculty of Management Library Faculty of Management Library 2025-03-26   X:321:(SNI) N3 ML1022736 2025-03-26 2025-03-26 Textbook
Copyright @ Delhi University Library System